000 00738nam a2200217Ii 4500
003 JO-AjNU
008 230605s9999||||xx |||||||||||||| ||und||
017 _a2007/1/1910
040 _aJO-AjNU
_bara
_erda
_cJO-AjNU
041 _aara
050 1 4 _aBP135.A2.M83 2007
100 3 _aخضر، محمد زكي محمد,
_eauthor
_910756
245 0 0 _aالأستقامة في مائة حديث نبوي
250 _aالطبعة الرابعة المنقحة
264 3 1 _aعمان: دار المامون للنشر والتوزيع، 2007
300 _a136ص
336 _atext
_btxt
_2rdacontent
337 _aunmediated
_bn
_2rdamedia
338 _avolume
_bnc
_2rdacarrier
650 4 _aالاسلام - الحديث الشريف
_910757
999 _aA1970
_c5538
_d5538